[Event "FRA-ch U10"]
[Site "Le Grand Bornand"]
[Date "2003.??.??"]
[Round "7.5"]
[White "Nockels, Thomas"]
[Black "Samoun, Florent"]
[Result "1/2-1/2"]
[WhiteElo "1480"]
[BlackElo "1450"]
[PlyCount "115"]
[EventDate "2003.??.??"]
[EventType "swiss"]
[EventRounds "9"]
[EventCountry "FRA"]
[SourceTitle "EXT 2004"]
[Source "ChessBase"]
[SourceDate "2003.11.25"]
[SourceVersion "1"]
[SourceVersionDate "2003.11.25"]
[SourceQuality "1"]

1. e4 e5 2. Nf3 Nc6 3. Nc3 Nf6 4. Bb5 Bd6 5. d4 Nxd4 6. Nxd4 exd4 7. Qxd4 0-0 8. Bg5 Be7 9. e5 Ne8 10. Bxe7 Qxe7 11. 0-0-0 c6 12. Bd3 Qg5+ 13. Kb1 Nc7 14. Qe4 Qh6 15. Ne2 Re8 16. f4 d5 17. Qf3 c5 18. c3 c4 19. Bc2 b5 20. g4 a5 21. h4 b4 22. g5 Qb6 23. h5 Bb7 24. Nd4 b3 25. axb3 cxb3 26. Bxb3 a4 27. Bc2 a3 28. b3 Nb5 29. Ka2 Rec8 30. Rd3 Qc5 31. Nxb5 Qxb5 32. Rd4 Qc5 33. Rh3 Rc7 34. b4 Qc6 35. Bb3 Rd7 36. f5 Qb5 37. e6 Re7 38. exf7+ Kf8 39. Rh2 Kxf7 40. Bxd5+ Bxd5+ 41. Qxd5+ Qxd5+ 42. Rxd5 Re3 43. Rc5 Rd3 44. Rc7+ Kf8 45. g6 h6 46. Rc5 Rf3 47. b5 Ke7 48. b6 Kf6 49. b7 Rb8 50. Rb5 Rxf5 51. Rb6+ Kg5 52. Kxa3 Rc5 53. Kb4 Rc7 54. c4 Rcxb7 55. Rxb7 Rxb7+ 56. Kc5 Kf6 57. Rf2+ Ke6 58. Kc6 1/2-1/2